000 00831cam a2200277 a 4500
999 _c3044
_d3044
001 3768370
003 GBCCL
005 20241126110445.0
008 830603s1983 txu 000 0 eng
010 _a 83010220
020 _a0849903319 :
_c$10.95
040 _aDLC
_cDLC
_dDLC
050 0 0 _aBV4501.2
_b.M4799 1983
082 0 0 _a248.483
_219
_bMIL
100 1 _aMiller, Keith.
_96318
245 1 4 _aThe scent of love /
_cKeith Miller.
260 _aWaco, Tex. :
_bWord Books,
_c1983.
300 _a252 p. ;
_c22 cm.
600 1 0 _aMiller, Keith.
_96318
650 0 _aChristian life
_xAnglican authors.
_93120
650 0 _aConversion
_xChristianity.
_9888
650 0 _aEvangelistic work.
_9290
650 0 _aLove
_xReligious aspects
_xChristianity.
_9141
906 _a7
_bcbc
_corignew
_d1
_eocip
_f19
_gy-gencatlg
942 _2ddc
_cBK